000 01577nam a22001937a 4500
008 111004t xxu||||| |||| 00| 0 eng d
020 _a0415282616 (hbk)
020 _a0415282624 (pbk)
050 _aDT30.5.T48
100 _aThomson, Alex
245 _aAn introduction to African politics. /
_cAlex Thomson
260 _aLondon:
_bRouledge,
_c2004.
300 _a1 vol. (x-284 p.)
_bill..
_c24 cm
505 _aContents 1. Introduction: State, civil society and external interests 2. History: Africa's pre-colonial and colonial inheritance 3. Ideology: Nationalism, socialism, populism and state capitalism 4. Ethnicity: Ethnic groups, 'tribes' and political identity 5. Social Class: The search for class politics in Africa 6. Legitimacy: Neo-patrimonialism, personal rule and the centralisation of the African state 7. Coercion: Military intervention in African politics 8. Sovereignty: External influence on African politics 9. Sovereignty Again: Neo-colonialism, structural adjustment and Africa's political economy 10. Authority: The crises of accumulation, governance and state collapse 11. Democracy: Re-legitimizing the African state? 12. Conclusions: State and civil society in post-colonial Africa
520 _aAn Introduction to African Politics provides an ideal gateway for individuals seeking to make sense of the dynamic and diverse political systems that are a feature of this fascinating part of the world.
650 _aAfrica, Sub-Saharan -- Politics and government -- 1960-
650 _aAfrica, Sub-Saharan -- Economic policy.
942 _2lcc
_cBK
999 _c7533
_d15033